Bir Türk diplomatının evrak-ı siyasiyesi (Record no. 22132)

000 -LEADER
fixed length control field 00353nam a2200133Ia 4500
008 - FIXED-LENGTH DATA ELEMENTS--GENERAL INFORMATION
fixed length control field 210312s9999||||xx |||||||||||||| ||und||
041 ## - LANGUAGE CODE
Language code of text/sound track or separate title osm
050 ## - LIBRARY OF CONGRESS CALL NUMBER
Classification number DR558
050 ## - LIBRARY OF CONGRESS CALL NUMBER
Item number M87.A2
100 ## - MAIN ENTRY--PERSONAL NAME
Personal name Mustafa Reşit Paşa
245 #0 - TITLE STATEMENT
Title Bir Türk diplomatının evrak-ı siyasiyesi
260 ## - PUBLICATION, DISTRIBUTION, ETC.
Date of publication, distribution, etc. 1306
650 ## - SUBJECT ADDED ENTRY--TOPICAL TERM
Topical term or geographic name entry element Tarih--Türkiye--Dış ilişkiler--Kaynaklar
Holdings
Withdrawn status Lost status Damaged status Not for loan Collection code Permanent Location Current Location Shelving location Date acquired Source of acquisition Full call number Barcode Date last seen Price effective from Koha item type
        Osmanlıca Eserler Koleksiyonu Kıbrıs Amerikan Üniversitesi Kütüphanesi / American University of Cyprus Kıbrıs Amerikan Üniversitesi Kütüphanesi / American University of Cyprus Osmanlı Kitaplığı 12.03.2021 Bağış DR558.M87 .A2 2348521 12.03.2021 12.03.2021 Books
Devinim Yazılım Eğitim Danışmanlık tarafından Koha'nın orjinal sürümü uyarlanarak geliştirilip kurulmuştur.